Statystyki dla Flagi Oceanii

Kliknij tutaj aby rozwiązać quiz!

Ogólne statystyki

  • Ten quiz został rozwiązany 808 razy
  • Średni wynik to 11 z 14

Statystyki odpowiedzi

Odpowiedź% Poprawnych
Australia
98%
Nowa Zelandia
97%
Papua-Nowa Gwinea
81%
Mikronezja
77%
Fidżi
76%
Nauru
76%
Palau
75%
Wyspy Marshalla
75%
Kiribati
73%
Tonga
72%
Wyspy Salomona
69%
Samoa
65%
Tuvalu
63%
Vanuatu
61%

Rozkład punktacji

Percentyl według liczby udzielonych odpowiedzi

Procent ludzi z każdym wynikiem

Twoja historia wyników

Nie rozwiązałeś tego quizu